Hrajú na gajdách pre potešenie seba a iných Zaujmavosti o gajdošoch a gajdách v oblasti Pohronského Inovca

Bibliographic Details
Main Author: Jakalová, Lýdia (Author)
Format: Article
Language:Slovak
PhysicalDescription:Obr. 3.
Subjects:

MARC

LEADER 00000nab a2200000 a 4500
001 vtls000045915
003 SK-MaSNL
005 20260304023619.0
008 111103c1979 xo 0 slo
015 |a SNBRB19rr/mm-uuuuu 
035 |a CL0056010 
040 |a SNKBUCL  |b slo  |c SNKBUCL  |e AACR2 
041 0 |a slo 
044 |a xo  |c SK 
080 |a 788  |2 1981 
080 |a 681.8  |2 1981 
100 1 |a Jakalová, Lýdia  |4 aut  |9 1065646 
245 1 0 |a Hrajú na gajdách pre potešenie seba a iných  |b Zaujmavosti o gajdošoch a gajdách v oblasti Pohronského Inovca  |c Lýdia Jakalová 
300 |b Obr. 3. 
650 0 7 |a gajdy  |2 snkbucl  |9 81681 
650 0 7 |a gajdoši  |2 snkbucl  |9 75451 
655 7 |a články z novín a časopisov  |2 snkbucl  |9 267496 
773 0 |t Rytmus  |g Roč. 30, č. 11 (1979), s. 16-17 
850 |a Slovenská národná knižnica v Martine  |a MTA001 
852 |a SNK  |b KIS3GCP 
958 |a RK 
992 |a RBX 
999 |c 2617421  |d 2619351